[Event "Toronto NAYCC U08"]
[Site "Toronto"]
[Date "2013.08.14"]
[Round "1"]
[White "Lalwani, Jay"]
[Black "Xu, Sivan"]
[Result "1-0"]
[WhiteElo "1509"]
[BlackElo "694"]
[PlyCount "93"]
[EventDate "2013.08.14"]
[EventType "swiss"]
[EventRounds "9"]
[EventCountry "CAN"]
[SourceTitle "EXT 2022"]
[Source "ChessBase"]
[SourceDate "2021.10.06"]
[SourceVersion "1"]
[SourceVersionDate "2021.10.06"]
[SourceQuality "1"]

1. e4 c5 2. Nf3 Nc6 3. d4 d6 4. dxc5 dxc5 5. Qxd8+ Nxd8 6. Bc4 Nf6 7. Nc3 Nc6 8. Ng5 Be6 9. Nxe6 fxe6 10. Bxe6 Nd4 11. Bb3 c4 12. Ba4+ b5 13. Bxb5+ Nxb5 14. Nxb5 Rc8 15. Nxa7 Rc7 16. Nb5 Rc5 17. Nc3 e5 18. Be3 Rc7 19. 0-0 Bc5 20. Bxc5 Rxc5 21. a4 0-0 22. Rfd1 Ra8 23. Rd6 Ne8 24. Rd5 Rca5 25. Rxa5 Rxa5 26. Nd5 h6 27. Nb6 Nd6 28. f3 Nb5 29. Nxc4 Ra6 30. Nxe5 Re6 31. axb5 Rxe5 32. c4 Rc5 33. b3 Kf7 34. b6 Rc8 35. Ra7+ Ke6 36. Rc7 Rb8 37. b7 g5 38. c5 g4 39. c6 gxf3 40. Rc8 Kd6 41. Rxb8 Kxc6 42. e5 fxg2 43. e6 Kd6 44. Rc8 Kxe6 45. b8Q Kd5 46. Rc4 h5 47. Qb5+ 1-0